000 nam a22 7a 4500
999 _c8620
_d8620
008 180118b ||||| |||| 00| 0 eng d
100 _aMcgraw-Hill
_94996
245 _aBook of Knowledge
260 _aNew Delhi
_bMcgraw
_c2008